| 000 | 00461cam a22001457a 4500 | ||
|---|---|---|---|
| 008 | 180718b1986 xxu||||| |||| 00| 0 eng d | ||
| 082 | _aZ000 M691 | ||
| 245 |
_aThird world peasantry: a continuing sage of deprivation _cedited by R.P. Misra and Nguyen Tri Dung |
||
| 260 |
_aDelhi _bSterling _c1986 |
||
| 300 | _a2vols. | ||
| 500 | _aContents: v.1. 346p.; v.2. 262p. | ||
| 650 | _aAgricultural development | ||
| 700 | _aDung, Nguyen Tri | ||
| 700 | _aMisra, R.P. | ||
| 999 |
_c349130 _d349130 |
||